| 000 | 00409nam a22001697a 4500 | ||
|---|---|---|---|
| 005 | 20251108172351.0 | ||
| 008 | 250721s1982 xx 000 0 eng d | ||
| 082 | 1 | 4 | _aJ/F/HER |
| 100 | 1 | _aHerge, | |
| 245 | 1 | 0 | _aLigars of the pharaoch / |
| 264 | 1 |
_aTouran : _bMagnet, _c1982. |
|
| 300 | _a62p. | ||
| 490 | 0 | _aThe adventures of tintin | |
| 650 | 1 | 7 | _aEnglish fiction |
| 942 |
_2ddc _cBK |
||
| 999 |
_c77397 _d77397 |
||